Αποτελεσματική προστασία κόστος εγχώριων πόρων και άνιση κεφαλαιακή δομή της βοοτροφίας
Saved in:
| Main Author: | |
|---|---|
| Format: | Book |
| Language: | Greek |
| Published: |
Αθήνα :
Κέντρο Προγραμματισμού και Οικονομικών Ερευνών,
1992
|
| Series: | Εργασίες για συζήτηση = Discussion papers
|
| Subjects: | |
| Tags: |
Add Tag
No Tags, Be the first to tag this record!
|
MARC
| LEADER | 00000cam a2200000 i 4500 | ||
|---|---|---|---|
| 001 | 1/104656 | ||
| 008 | 950605s1992 gre d | ||
| 035 | |l 10013342 | ||
| 040 | |a GR-MY-UA |b gre |e aacr | ||
| 041 | 0 | |a gre | |
| 082 | 0 | |a 338.1309495 | |
| 100 | 1 | |a Παρασκευαΐδης, Παρασκευάς. | |
| 245 | 1 | 0 | |a Αποτελεσματική προστασία κόστος εγχώριων πόρων και άνιση κεφαλαιακή δομή της βοοτροφίας / |c Π. Παρασκευαίδη |
| 260 | |a Αθήνα : |b Κέντρο Προγραμματισμού και Οικονομικών Ερευνών, |c 1992 | ||
| 300 | |a 59 σ. | ||
| 490 | 1 | |a Εργασίες για συζήτηση |v ; 16 | |
| 504 | |a Βιβλιογραφία: σ.55-58 | ||
| 650 | 0 | 0 | |a Livestock |x Economic aspects |z Greece. |
| 650 | 0 | 0 | |a Agriculture |z Greece |x Costs. |
| 650 | 0 | 0 | |a Agriculture |x Economic aspects. |
| 830 | 0 | |a Εργασίες για συζήτηση = Discussion papers | |
| 852 | |a INST |b LESVOS |e 19950605 |h 338.1309495 ΠΑΡ |p 005100000246 |q 005100000246 |t BK |y 0 | ||
| 909 | |a Λ |b 026066 | ||
| 970 | |z 2000/05/ΟΙΚΟΝΟΜΟΠΟΥΛΟΥ ΧΡΙΣΤΙΝΑ | ||